ბათუმის შოთა რუსთაველის სახელმწიფო უნივერსიტეტის ბიბლიოთეკა

A Dictionary of Economics / (ბიბ.ჩანაწერი № 64197)

000 -LEADER
fixed length control field 00514nam a22001697a 4500
005 - DATE AND TIME OF LATEST TRANSACTION
control field 20260501113433.0
008 - FIXED-LENGTH DATA ELEMENTS--GENERAL INFORMATION
fixed length control field 260501s1997 enk||||| |||| 00| 0 eng d
020 ## - INTERNATIONAL STANDARD BOOK NUMBER
International Standard Book Number 9780192800183x
041 ## - LANGUAGE CODE
Language code of text/sound track or separate title eng
080 ## - UNIVERSAL DECIMAL CLASSIFICATION NUMBER
Universal Decimal Classification number 33(038) B-64
100 ## - MAIN ENTRY--PERSONAL NAME
Personal name Black, John
9 (RLIN) 27404
245 ## - TITLE STATEMENT
Title A Dictionary of Economics /
Statement of responsibility, etc. John Black.
264 ## - PRODUCTION, PUBLICATION, DISTRIBUTION, MANUFACTURE, AND COPYRIGHT NOTICE
Place of production, publication, distribution, manufacture Oxford :
Name of producer, publisher, distributor, manufacturer Oxford University Press,
Date of production, publication, distribution, manufacture, or copyright notice 1997.
300 ## - PHYSICAL DESCRIPTION
Extent 520 p. ;
Other physical details 20 cm.
653 ## - INDEX TERM--UNCONTROLLED
keyword ეკონომიკის ლექსიკონი
942 ## - ADDED ENTRY ELEMENTS (KOHA)
Source of classification or shelving scheme
Koha item type წიგნი
ეგზემპლარები
Withdrawn status Lost status Source of classification or shelving scheme Damaged status Not for loan Permanent Location Current Location Shelving location Date acquired Cost, normal purchase price Full call number Barcode Date last seen Copy number Price effective from Koha item type Public note
          ბათუმის შოთა რუსთაველის სახელმწიფო უნივერსიტეტის მთავარი ბიბლიოთეკა ბათუმის შოთა რუსთაველის სახელმწიფო უნივერსიტეტის მთავარი ბიბლიოთეკა წიგნსაცავი 2026-05-01 17.50 33(038) B-64 74445 2026-05-01 74445 2026-05-01 წიგნი 17 ლ. 50 თ.